000 00453nam a22001937a 4500
003 MPLRDC
005 20220104143820.0
008 210129b ||||| |||| 00| 0 eng d
020 _a962-577-165-4
082 _a857.7 AQFY v.3
100 _a舒小灿
245 _a恋恋问情
_c
250 _a第一版
260 _a
_b壹出版
_c1996
300 _b
490 _a爱情发源地. 3
650 _a长篇小说
942 _cBK
_o857.7 AQFY v.3
999 _c43620
_d43610